000 00563nam a2200217Ia 4500
003 OSt
005 20230606104607.0
008 210423s2019 xx 000 0 und d
020 _a978-93-89409-04-8
040 _cAL
041 _aeng
082 _a371.9 GUPE
100 _aGUPTA (D K)
_9119941
245 _aEducation for handicapped and treatment
260 _aNew Delhi
_bOmega Publications
_c2019
300 _aviii,279
_bHB
365 _b995
_cINR
650 _aEducation
_9119942
906 _aEducation ; handicapped ; treatment
942 _2ddc
_cBK
999 _c176701
_d176701